Valtiot jotka tunnustivat Suomen itsenäisyyden - Statistics

Yleistilastot
  • Tätä visaa on pelattu 81 kertaa
    41 viimeisimmän päivityksen jälkeen
  • Keskiarvotulos 26 / 40
Vastaustilastot
Päivänä Valtio Manner % Oikein
4.1.1918 Ruotsi Eurooppa
100%
1.7.1919 Kiina Aasia
97%
4.1.1918 Neuvosto-Venäjä Eurooppa
97%
4.1.1918 Saksa Eurooppa
94%
6.5.1919 Yhdistynyt Kuningaskunta Eurooppa
94%
23.5.1919 Japani Aasia
91%
7.5.1919 Yhdysvallat Amerikka
91%
21.2.1918 Espanja Eurooppa
88%
10.1.1918 Norja Eurooppa
88%
4.1.1918 Ranska Eurooppa
88%
10.1.1918 Tanska Eurooppa
88%
8.3.1919 Puola Eurooppa
82%
27.6.1919 Italia Eurooppa
79%
13.7.1920 Meksiko Amerikka
79%
19.12.1919 Portugali Eurooppa
79%
28.1.1918 Alankomaat Eurooppa
76%
10.6.1919 Belgia Eurooppa
76%
27.7.1922 Jugoslavia (Serbia) Eurooppa
76%
5.1.1918 Kreikka Eurooppa
73%
11.1.1918 Sveitsi Eurooppa
73%
26.12.1919 Brasilia Amerikka
70%
13.1.1918 Itävalta-Unkari (Itävalta) Eurooppa
67%
11.5.1918 Argentiina Amerikka
64%
8.4.1920 Romania Eurooppa
64%
15.7.1920 Tšekkoslovakia (Tšekki) Eurooppa
64%
23.8.1920 Unkari Eurooppa
64%
21.2.1918 Osmanien Valtakunta (Turkki) Aasia
61%
17.6.1919 Chile Amerikka
52%
31.12.1919 Kolumbia Amerikka
52%
27.2.1918 Bulgaria Eurooppa
48%
23.6.1919 Peru Amerikka
48%
23.7.1918 Persia (Iran) Aasia
42%
18.8.1919 Uruguay Amerikka
39%
18.4.1920 Venezuela Amerikka
39%
3.6.1921 Paraguay Amerikka
36%
25.6.1920 Ecuador Amerikka
33%
9.10.1919 Siam (Thaimaa) Aasia
33%
2.3.1918 Pyhä Istuin (Vatikaani) Eurooppa
30%
17.5.1920 Panama Amerikka
18%
17.7.1928 Afganistan Aasia
0%
Ehtoja vastaavia visoja ei löytynyt
Tulosjakauma
Jokaisen tuloksen saaneiden osuus
Persentiili vastausten määrän mukaan
Tuloshistoriasi
Et ole pelannut tätä visaa sen viimeisimmän päivityksen jälkeen